000 00905nam a22002897a 4500
001 7702
003 FISKH
005 20250731133928.0
008 250731b cb ||||| |||| 00| 0 eng d
020 _a9780765345707
040 _aFISKH
_beng
_cFISKH
_dFISKH
050 _aPZ7.L96775 I
082 _a808.83
100 _aLubar, David
_d(1954-)
245 _aIn the land of the Lawn Weenies and other warped and creepy tales /
_cDavid Lubar
250 _aThis edition first published in 2003
260 _aNew York :
_bStarscape,
_c2003
300 _a240 pages :
_c20 cm
505 _aO
520 _aA collection of humorous stories involves some monstrous students, a levitation trick gone wrong, and a boring neighborhood.
521 8 _a670
_bLexile
521 8 _aO
_bRaz-Plus
650 _2Funny
_aHorror
650 _2Scary
_aWeenies Series
942 _2ddc
_cBK
_n0
999 _c7702
_d7702